| 000 | 01416nam a2200289Ia 4500 | ||
|---|---|---|---|
| 999 |
_c39403 _d39403 |
||
| 001 | 5993 | ||
| 003 | GE_BSU | ||
| 005 | 20190729101241.0 | ||
| 008 | 181216s2007||||ge |||||||||||||| ||geo|| | ||
| 020 | _a9789994098507 | ||
| 040 | _cGE_BSU | ||
| 041 | _ageo | ||
| 080 | _a349.9(075.8) კ-84 | ||
| 245 |
_aკრიმინილოგია = криминология : _bსახელმძღვ. / _cგ. ავანესოვი, ს. ინშაკოვი, ს. ლებედევი, ნ. ერიაშვილი ; რედ. სერგო ბარამიძე |
||
| 250 | _aმეოთხე გამოცემა, გადამუშავებული და შევსებული | ||
| 264 |
_aთბილისი : _bსამართლიანი საქართველო ; _c2007. |
||
| 300 |
_a664 გვ. ; _c22 სმ. |
||
| 541 | _h30ლ. | ||
| 653 | _aკრიმინოლოგია. | ||
| 653 | _aსამართალი | ||
| 700 |
_aავანესოვი, გ. _eავტორი _93339 |
||
| 700 |
_aინშაკოვი, ს. _eავტორი _93340 |
||
| 700 |
_aლებედევი, ს. _eავტორი _93341 |
||
| 700 |
_aერიაშვილი, ნ. _eავტორი _93261 |
||
| 700 |
_a ბარამიძე, სერგო _eრედაქტორი _93342 |
||
| 942 |
_cBK _2udc |
||